000 00734nam a2200289Ia 4500
005 20260324131447.0
008 008 260324s9999 xx 000 0 eng d
020 _a9781315702452
037 _aEBOOK
040 _aCRL
040 _beng
040 _cCRL
041 _2eng
041 _aeng
084 _qCRL
100 _aThomas H. Stanton
_91185600
245 0 _aMeeting the Challenge of 9/11: Blueprints for More Effective Government
245 0 _bBlueprints for More Effective Government
260 _bTaylor and Francis
260 _c2006
365 _a
365 _b230
856 _uhttp://www.taylorfrancis.com/books/9781315702452
942 _cEBOOK
999 _c1782762
_d1782762